Medzinárodné hospodárske vzťahy

Salvato in:
Dettagli Bibliografici
Autore principale: Lipková, Ľudmila
Natura: Libro
Lingua:slovacco
Pubblicazione: Bratislava Sprint vfra 2002
Soggetti:
Tags: Aggiungi Tag
Nessun Tag, puoi essere il primo ad aggiungerne!!

MARC

LEADER 00000nam a2200000 4500
001 c131318
005 20221124092458.7
020 |a 80-88848-70-9 
041 0 |a slo 
044 |a SK 
245 1 0 |a Medzinárodné hospodárske vzťahy  |c Ľudmila Lipková 
264 1 |a Bratislava  |b Sprint vfra  |c 2002 
300 |a 266 s. 
610 2 0 |a vzťahy hospodárske medzinárodné 
610 2 0 |a deľba práce medzinárodná 
610 2 0 |a teória obchodu 
610 2 0 |a teórie ekonomické 
610 2 0 |a obchod medzinárodný 
610 2 0 |a keynesizmus 
610 2 0 |a modely 
610 2 0 |a hospodárstvo svetové 
610 2 0 |a krajiny rozvojové 
610 2 0 |a krajiny vyspelé 
610 2 0 |a politika zahraničnoobchodná 
610 2 0 |a protekcionizmus 
610 2 0 |a pohyb síl pracovných medzinárodný 
610 2 0 |a služby 
610 2 0 |a ekológia 
100 1 |a Lipková, Ľudmila